000 01913cam a22005534i 4500
003 PE-LiUPU
005 20250731180141.0
008 150706s2005 sp a r 000 0 spa d
020 _a9879524731
035 _a(Sirsi) i9789879524732
040 _aPE-LiUPU
_bspa
_cPE-LiUPU
_dPE-LiUPU
_erda
049 _aPRUA
082 0 4 _a510.332
_bY21
_221
100 1 _aYammal, Clibli,
_eautor.
245 1 0 _aMatemática financiera /
_cClibli Yammal.
250 _a3a edición.
264 1 _aMendiolaza [Prov. de Córdoba] :
_bChibli Yammal,
_c[2005].
300 _a244 páginas :
_bilustraciones ;
_c27 centímetros
300 _a1 CD-ROM
336 _atext
_2rdacontent
337 _aunmediated
_2rdamedia
338 _avolume
_2rdacarrier
505 0 _aConceptos elementales -- Réditos del capital -- Amortización de deudas -- Inversiones -- Utilitarios.
526 _aSEG44
526 _aSEG26
526 _aP159
526 _aP155
526 _aP154
526 _aP153
526 _aP150
526 _aP100
526 _aP31
526 _aP30
526 _aP26
526 _aP25
526 _aP24
526 _aP22
526 _aP15
526 _aP10
541 _g015-0011135;
650 0 4 _aMatemáticas financieras
_vProblemas, ejercicios, etc.
650 0 4 _aTasas de interés.
910 _agl
_bjv
_clch
_d20100219
942 _2ddc
_cBOOK
949 _a510.332 Y21
_wDEWEY
_c1
_i61010
_d2015-11-2
_e2015-10-30
_lCCODEBUL1
_mBUL
_n1
_p34.00
_r0
_sY
_tBOOK
_u2015-7-6
_xFCE
_PP08
_o.STAFF. Colección Ciencias Empresariales
994 _aC0
_bPEPRU
596 _a1
999 _a510.332 Y21
_wDEWEY
_c50347
_i61010
_d50347
_e2018-5-20
_f2021-11-5
_g6
_lCCODEBUL1
_mBUL
_n5
_p34.00
_q2
_r0
_sY
_tBOOK
_u2015-7-6
_xBIBLIOTECA
_PP08
_0COMPRA
_o.STAFF. Colección Ciencias Empresariales
980 _81
_gALBERTO SANCHEZ Responsable de Automatización